| 000 | 03978nab a2200265 i 4500 | ||
|---|---|---|---|
| 003 | BR-BrBNA | ||
| 005 | 20250627153448.0 | ||
| 008 | 250627b2018 bl.qr|pooa||| 00| 0 eng | | ||
| 040 |
_aBR-BrBNA _beng |
||
| 072 | _aF70 | ||
| 100 | _aSant’Anna, Célia L. | ||
| 100 | _aGama, Watson A. | ||
| 100 | _aSilva, Thais G. | ||
| 100 | _aVieira, Armando A.H. | ||
| 245 | _aA new species of Trichodesmium (Cyanobacteria) from freshwaters, Brazil | ||
| 500 | _aPublicação on-line; 24 ref.; 1 table; 1 illus.; Summaries (En, Pt) | ||
| 520 | _a Abstract Trichodesmium is a typical planktic genus in which trichomes are disposed either in fascicles or radially in rounded colonies. Based on morphological studies, there are eleven species of Trichodesmium, out of which nine are from marine environments and only two from freshwaters. Trichodesmium is mainly known for its capacity to form blooms and produce toxins in marine tropical and subtropical environments. There is no information about the capacity of the freshwater Trichodesmium species to produce toxins. It was only with molecular studies that the taxonomy of marine Trichodesmium started to be solved. However, up to now, no material has been available for molecular analyses of freshwater species. During the studies of microalgae from São Paulo state, a population resembling Trichodesmium was found in a recreational pond. The analyzed organisms formed fascicles of homocyted and not attenuated trichomes and cells with gas vesicles, a set of features that makes them different from the other freshwater Trichodesmium species. Thus, we have described the species Trichodesmium brasiliense sp. nov. based on material from Brazilian inland water. Also, we have suggested revision of some Brazilian literature citations of T. lacustre and their inclusion in the synonym of this new species. Key words: new species, Oscillatoriales, shallow lakes, Trichodesmium lacustre, tropical region. Resumo Trichodesmium é um gênero tipicamente planctônico cujos tricomas estão dispostos em fascículos ou radialmente em colônias. Com base em estudos morfológicos, existem 11 espécies de Trichodesmium descritas, das quais nove são para ambientes marinhos e apenas duas para águas continentais. Este gênero é conhecido principalmente por sua capacidade de formar florações e produzir toxinas em ambientes marinhos tropicais e subtropicais. Contudo, não há informações sobre produção de toxinas por suas espécies de água-doce. Foi apenas com os estudos moleculares que a taxonomia das espécies marinhas começou a ser resolvida. Contudo, até o presente, não há material disponível para a realização de estudos moleculares com as espécies de ambientes continentais. Durantes o estudo das microalgas do Estado de São Paulo, uma população similar a Trichodesmium foi encontrada em uma lagoa utilizada para recreação. Os organismos analisados formavam fascículos compostos por tricomas homocitados e não atenuados, com aerótopos presentes; características que os tornam diferentes de outras espécies de Trichodesmium. Assim, descrevemos a espécie Trichodesmium brasiliense sp. nov. a partir da análise de espécimes de águas continentais brasileiras. Adicionalmente, sugerimos a revisão de algumas citações da literatura brasileira para T. lacustre e inclusão dessas na sinonímia da nova espécie descrita. Palavras-chave: nova espécie, Oscillatoriales, lagos rasos, Trichodesmium lacustre, regiões tropical/subtropical. | ||
| 650 | _aTAXONOMIA | ||
| 650 | _aPLÂNCTON | ||
| 650 | _aLAGO | ||
| 773 | 0 |
_0709 _9351158 _dRio de Janeiro-RJ Jardim Botanico do Rio de Janeiro 1935 _o2025-3781 _tRodriguésia (Brazil) _x0370-6583; 2175-7860 on-line _gv. 69(4) p. 2019-2024; (2018) _wBR2025003063 |
|
| 856 | _uhttps://www.scielo.br/j/rod/a/xXC95wYHHPwqZ5rW4RQ79kk/?format=pdf&lang=en | ||
| 942 | _cANA | ||
| 999 |
_c332273 _d332273 |
||